[Event "Tournoi Skype 021A"]
[Site "Skype"]
[Date "????.??.??"]
[Round "3.15"]
[White "Sauvaget, Joel"]
[Black "Fernandez Cabello, Emilio"]
[Result "0-1"]
[WhiteElo "1662"]
[BlackElo "1524"]
[PlyCount "56"]

1. d4 g6 2. Nf3 Bg7 3. Bf4 d5 4. h3 Nf6 5. e3 O-O 6. c3 Nbd7 7. Bd3 Re8 8. Nbd2
Nf8 9. O-O Ne6 10. Bg3 Nh5 11. Bh2 f5 12. Ne5 c6 13. Be2 Nf6 14. Ndf3 Bh6 15.
Bd3 Ne4 16. Rc1 f4 17. exf4 Bxf4 18. Bxf4 Nxf4 19. Qc2 Bf5 20. Kh2 Nxd3 21.
Nxd3 c5 22. Qe2 cxd4 23. cxd4 Qd6+ 24. Nde5 Rac8 25. Qe3 Qb8 26. Nh4 Bd7 27. f4
Bb5 28. Qg3 Nxg3 0-1

[Event "Tournoi Skype 021A"]
[Site "Skype"]
[Date "????.??.??"]
[Round "3.16"]
[White "Fouquereau, Andre"]
[Black "Yeter, Orhan"]
[Result "0-1"]
[WhiteElo "1492"]
[BlackElo "1648"]
[PlyCount "89"]

1. e4 e5 2. Nf3 Nc6 3. c3 d5 4. d3 dxe4 5. dxe4 Qxd1+ 6. Kxd1 Bg4 7. Be2 O-O-O+
8. Kc2 Nf6 9. Nbd2 Bc5 10. Rf1 Nh5 11. h3 Be6 12. Nc4 f5 13. Nfxe5 Nxe5 14.
Nxe5 Nf6 15. Bg5 Rhf8 16. Bc4 Bxc4 17. Nxc4 fxe4 18. b4 Be7 19. Rae1 h6 20.
Bxf6 Bxf6 21. Rxe4 b5 22. Nb2 Bg5 23. Nd3 Rf5 24. Rfe1 Rfd5 25. Rd1 Bf6 26. f3
R5d6 27. Nf2 Rc6 28. Rxd8+ Kxd8 29. Nd1 Ra6 30. Kb3 Rd6 31. Ne3 Rd2 32. f4 Rd3
33. Ng4 Rxc3+ 34. Kb2 Rg3+ 35. Kb1 Rxg2 36. Nxf6 gxf6 37. Re6 Rh2 38. Rxf6 Rxh3
39. Kb2 h5 40. Rf5 c6 41. Rf7 a6 42. Rg7 Rh4 43. f5 Rxb4+ 44. Kc3 Rf4 45. Rh7
0-1

[Event "Tournoi Skype 021A"]
[Site "Skype"]
[Date "????.??.??"]
[Round "3.17"]
[White "Sepulveda, Lyda Marcela"]
[Black "Jogi, Kalpesh"]
[Result "0-1"]
[WhiteElo "1628"]
[BlackElo "1503"]
[PlyCount "78"]

1. e4 e5 2. Nf3 d6 3. Bc4 Nf6 4. d3 a6 5. c3 h6 6. O-O Be7 7. Re1 O-O 8. d4
exd4 9. cxd4 Be6 10. Bd3 Bg4 11. Nbd2 Nc6 12. h3 Bh5 13. g4 Bg6 14. Nf1 Re8 15.
Ng3 Nh7 16. Bf4 Bf6 17. Bc4 Ng5 18. Nh4 Bh7 19. Bxg5 Bxg5 20. Nf3 Bf6 21. Rc1
Bg6 22. Bd5 Rb8 23. Bxc6 bxc6 24. b3 c5 25. d5 Bh4 26. Nf5 Bxf5 27. exf5 Rxe1+
28. Qxe1 Qf6 29. Rc2 g6 30. Re2 gxf5 31. Re8+ Rxe8 32. Qxe8+ Kg7 33. Nxh4 Qxh4
34. Qe3 fxg4 35. Qg3 Qxg3+ 36. fxg3 gxh3 37. Kh2 Kf6 38. Kxh3 Ke5 39. Kg4 f5+
0-1

[Event "Tournoi Skype 021A"]
[Site "Skype"]
[Date "????.??.??"]
[Round "3.18"]
[White "Balanagendran"]
[Black "Alvarez, Rafael Andres"]
[Result "0-1"]
[WhiteElo "1400"]
[BlackElo "1621"]
[PlyCount "106"]

1. d4 d5 2. c4 dxc4 3. e4 e6 4. Bxc4 c6 5. Nf3 Nd7 6. O-O Qc7 7. e5 b5 8. Bd3
g6 9. Be3 Bg7 10. Nbd2 Bb7 11. Rc1 Rc8 12. Ne4 Qb8 13. Nd6+ Kf8 14. Nxc8 Qxc8
15. Ng5 h6 16. Nxe6+ fxe6 17. Qf3+ Ke8 18. Bxg6+ Kd8 19. Qf7 Bxe5 20. Qe8+ Kc7
21. Qxe6 Bd6 22. d5 Nc5 23. Qf7+ Nd7 24. dxc6 Bxc6 25. Bd4 Ngf6 26. Bxf6 Rf8
27. Qd5 Qb7 28. Bg7 Rf4 29. Bxh6 Rc4 30. Rxc4 bxc4 31. Qxc4 Ne5 32. Qd3 Nxd3
33. Bxd3 Bxg2 34. Rc1+ Kb8 35. b3 Bh3 36. Bf1 Bxf1 37. Rxf1 Qh7 38. Rd1 Qg6+
39. Kf1 Qxh6 40. h4 Bc5 41. Rd8+ Kc7 42. Rd5 Kc6 43. Rf5 Qxh4 44. a4 Qh3+ 45.
Ke2 Qxf5 46. f3 Kd5 47. a5 Qf4 48. Kf1 Qxf3+ 49. Ke1 Ke4 50. Kd2 Bb4+ 51. Kc2
Qc3+ 52. Kb1 Ba3 53. b4 Qb2# 0-1

[Event "Tournoi Skype 021A"]
[Site "Skype"]
[Date "????.??.??"]
[Round "3.19"]
[White "Khetre, Gaurav"]
[Black "Duthoit, Bernard"]
[Result "1-0"]
[WhiteElo "1617"]
[BlackElo "1468"]
[PlyCount "51"]

1. d4 e5 2. dxe5 Nc6 3. f4 Qe7 4. e3 g6 5. Nf3 Bg7 6. Nc3 Nh6 7. Nd5 Qd8 8. h4
d6 9. exd6 Qxd6 10. e4 a6 11. e5 Qd7 12. Be2 Nf5 13. O-O O-O 14. c4 Nce7 15. g4
Nxd5 16. cxd5 Ne7 17. Ng5 Nxd5 18. Bf3 Rd8 19. Qb3 c6 20. Ne4 f5 21. exf6 Bf8
22. Rd1 h6 23. Nc3 Kh7 24. Nxd5 cxd5 25. Rxd5 Qe7 26. fxe7 1-0

[Event "Tournoi Skype 021A"]
[Site "Skype"]
[Date "????.??.??"]
[Round "3.21"]
[White "Prasad Singh, Ambika"]
[Black "Hague, Mark"]
[Result "1/2-1/2"]
[WhiteElo "1627"]
[BlackElo "1506"]
[PlyCount "62"]

1. e4 b6 2. Nc3 e6 3. Nf3 d6 4. d3 Bb7 5. Be2 h6 6. Be3 g5 7. Qd2 Ne7 8. h3 Nd7
9. Bd4 e5 10. Be3 Bg7 11. O-O-O c5 12. Kb1 Bc6 13. Nh2 h5 14. Bxg5 f6 15. Be3
b5 16. Bf1 a5 17. f4 b4 18. Ne2 a4 19. g4 h4 20. Bg2 Nb6 21. Nf3 Kd7 22. Bf2 b3
23. Nxh4 bxa2+ 24. Kxa2 a3 25. bxa3 Ra6 26. Rb1 Qa8 27. Qc3 Qa7 28. Rb3 Ra8 29.
Rhb1 Ba4 30. Rxb6 Rxb6 31. Rxb6 Qxb6 1/2-1/2

[Event "Tournoi Skype 021A"]
[Site "Skype"]
[Date "????.??.??"]
[Round "3.22"]
[White "Sahrane, Juba"]
[Black "Aranzubia, Desiderio"]
[Result "1-0"]
[WhiteElo "1621"]
[BlackElo "1542"]
[PlyCount "73"]

1. e4 c5 2. Nf3 Nc6 3. Nc3 g6 4. d4 cxd4 5. Nxd4 Bg7 6. Nxc6 bxc6 7. Bf4 Nf6 8.
Bc4 O-O 9. e5 Nh5 10. Be3 Bxe5 11. Qd2 Qc7 12. Bh6 Bg7 13. g4 Nf6 14. g5 Qe5+
15. Kf1 Ng4 16. Re1 Qc5 17. Bb3 Nxh6 18. gxh6 Bxc3 19. bxc3 Ba6+ 20. Kg1 Rfe8
21. Qf4 Qxc3 22. Bxf7+ Kh8 23. Re3 Qc5 24. Re5 Qd6 25. Kg2 Rf8 26. Rhe1 Qf6 27.
Qxf6+ exf6 28. Re7 d5 29. Rc7 Bb5 30. Ree7 Rfc8 31. Rxc8+ Rxc8 32. Rxa7 Bc4 33.
a4 Ba2 34. a5 Bb1 35. a6 Bxc2 36. Rb7 Bf5 37. a7 1-0

[Event "Tournoi Skype 021A"]
[Site "Skype"]
[Date "????.??.??"]
[Round "3.23"]
[White "Perrone, Gabriel Lorenzo"]
[Black "L'Herbon De Lussats, Jean"]
[Result "0-1"]
[WhiteElo "1469"]
[BlackElo "1618"]
[PlyCount "92"]

1. d4 Nf6 2. c4 g6 3. Nc3 Bg7 4. Nf3 O-O 5. Bg5 d6 6. e4 c5 7. Be2 Qa5 8. O-O
cxd4 9. Nxd4 Qxg5 10. Nf3 Qc5 11. h3 b6 12. Bd3 Ba6 13. Rc1 Nh5 14. Re1 Nd7 15.
Qa4 Bc8 16. Nd5 Ne5 17. Nxe7+ Kh8 18. Nxe5 Bxe5 19. Nd5 Bd7 20. Qxd7 Nf4 21.
Nxf4 Bxf4 22. Rc2 a6 23. Rd1 f5 24. Re2 fxe4 25. Bxe4 Rae8 26. Bd3 Rxe2 27.
Bxe2 Bg3 28. Kh1 Qxf2 29. Qe7 Be5 30. b4 Kg8 31. c5 Qxe2 32. Qe6+ Rf7 33. Qe8+
Kg7 34. Rg1 Qf2 35. cxd6 Bxd6 36. a3 Qg3 37. Qxf7+ Kxf7 38. Rf1+ Kg7 39. Kg1
Qxa3 40. Rb1 Bxb4 41. Rd1 h5 42. Rd7+ Kh6 43. Rd1 Bd6 44. Rf1 Bg3 45. Rf3 Qc1+
46. Rf1 Qc7 0-1

[Event "Tournoi Skype 021A"]
[Site "Skype"]
[Date "????.??.??"]
[Round "3.24"]
[White "Luna Perez Vico, Lorenzo"]
[Black "Kruk, Clementine"]
[Result "1-0"]
[WhiteElo "1554"]
[BlackElo "1599"]
[PlyCount "65"]

1. e4 e5 2. Nf3 Nc6 3. Bb5 Nf6 4. O-O Nxe4 5. Re1 d5 6. d3 a6 7. Bxc6+ Bd7 8.
Bxd7+ Qxd7 9. dxe4 f6 10. Qxd5 O-O-O 11. Qxd7+ Rxd7 12. Be3 Bb4 13. Nbd2 Rhd8
14. c3 Ba5 15. Nc4 Bb6 16. Nxb6+ cxb6 17. Bxb6 Re8 18. Rad1 Re6 19. Rxd7 Kxd7
20. Rd1+ Kc6 21. Be3 h6 22. a4 g5 23. h3 h5 24. Nh2 b5 25. axb5+ Kxb5 26. Rd5+
Kc4 27. Rd2 a5 28. g4 h4 29. Nf3 Re8 30. Rd6 Rf8 31. Nd2+ Kb5 32. b3 f5 33.
Rb6# 1-0

[Event "Tournoi Skype 021A"]
[Site "Skype"]
[Date "????.??.??"]
[Round "3.25"]
[White "Yardimci, Ertan"]
[Black "Carballo, Jorge"]
[Result "1-0"]
[WhiteElo "1445"]
[BlackElo "1630"]
[PlyCount "41"]

1. d4 d5 2. Nf3 Nf6 3. c4 e6 4. Nc3 c5 5. cxd5 exd5 6. e3 Nc6 7. Bd3 cxd4 8.
exd4 Bg4 9. Be3 Bb4 10. O-O Bxc3 11. bxc3 Ne4 12. Rc1 O-O 13. h3 Bxf3 14. Qxf3
Nf6 15. Bg5 Rc8 16. Bxf6 gxf6 17. Qh5 Re8 18. Qxh7+ Kf8 19. Rfe1 Re6 20. Bf5
Rxe1+ 21. Rxe1 1-0

[Event "Tournoi Skype 021A"]
[Site "Skype"]
[Date "????.??.??"]
[Round "3.26"]
[White "Segura Lozano, Marcos Antonio"]
[Black "Salazar Ticeran, Antonio"]
[Result "1/2-1/2"]
[WhiteElo "1889"]
[BlackElo "1578"]
[PlyCount "50"]

1. d4 Nf6 2. c4 d5 3. Nc3 Bf5 4. Nf3 dxc4 5. Ne5 e6 6. e3 Bb4 7. Bxc4 Nd5 8.
Qb3 Bxc3+ 9. bxc3 Nb6 10. Be2 O-O 11. c4 N6d7 12. Bf3 c6 13. Nd3 Bxd3 14. Qxd3
e5 15. Bb2 exd4 16. Bxd4 Na6 17. O-O Nac5 18. Qc3 f6 19. Rfd1 Ne6 20. Bg4 f5
21. Bh5 g6 22. Be2 Qc7 23. Bh8 Kf7 24. Rxd7+ Qxd7 25. Qf6+ Ke8 1/2-1/2

[Event "Tournoi Skype 021A"]
[Site "Skype"]
[Date "????.??.??"]
[Round "3.28"]
[White "Gharbi, Said"]
[Black "Thacker, Stephen"]
[Result "0-1"]
[WhiteElo "1564"]
[BlackElo "1600"]
[PlyCount "56"]

1. e4 e6 2. d4 d5 3. exd5 exd5 4. Nf3 Nf6 5. c4 Be7 6. c5 b6 7. cxb6 axb6 8.
Bd3 h6 9. O-O O-O 10. Nc3 Ba6 11. Bf4 c5 12. Qa4 Bxd3 13. Qxa8 Bxf1 14. Bxb8
Qxb8 15. Qxb8 Rxb8 16. Kxf1 c4 17. Re1 Bb4 18. h4 Ne4 19. Rc1 Bxc3 20. bxc3 Ra8
21. Rc2 Ra3 22. Rb2 Nxc3 23. Rxb6 Rxa2 24. Rb8+ Kh7 25. Rd8 Ne4 26. Rxd5 c3 27.
Re5 c2 28. Rxe4 c1=Q+ 0-1

[Event "Tournoi Skype 021A"]
[Site "Skype"]
[Date "????.??.??"]
[Round "4.1"]
[White "Lopez, Jose Luis"]
[Black "Ricieri, Vinicius"]
[Result "1-0"]
[WhiteElo "1816"]
[BlackElo "1881"]
[PlyCount "41"]

1. e4 c5 2. Nf3 g6 3. c3 Bg7 4. Na3 Nf6 5. e5 Nd5 6. d4 cxd4 7. Qxd4 Nb6 8. Qh4
O-O 9. Ng5 h6 10. Nf3 h5 11. g4 f6 12. gxh5 g5 13. Nxg5 fxg5 14. Qxg5 e6 15.
Qg3 Nc6 16. h6 Rf7 17. Rg1 Qe7 18. Bd3 d5 19. Qg6 Nxe5 20. Qh7+ Kf8 21. hxg7+
1-0

[Event "Tournoi Skype 021A"]
[Site "Skype"]
[Date "????.??.??"]
[Round "4.2"]
[White "Engstrom, Olle"]
[Black "Siret, Bernard"]
[Result "0-1"]
[WhiteElo "1788"]
[BlackElo "2012"]
[PlyCount "74"]

1. e4 f5 2. d4 fxe4 3. Nc3 Nf6 4. f3 exf3 5. Nxf3 e6 6. Bg5 Be7 7. Bd3 O-O 8.
O-O b6 9. Qe2 Bb7 10. Ne4 Bxe4 11. Bxe4 Nxe4 12. Bxe7 Qxe7 13. Qxe4 Na6 14. c3
c6 15. Rae1 Nc7 16. Ne5 b5 17. Rxf8+ Rxf8 18. Re3 a5 19. a3 Nd5 20. Rh3 Nf6 21.
Qh4 c5 22. Rf3 d6 23. Ng4 Qd8 24. Qe1 Qd7 25. Qg3 Nxg4 26. Rxf8+ Kxf8 27. Qxg4
cxd4 28. cxd4 a4 29. d5 Qa7+ 30. Kf1 Qe3 31. Qe2 Qxe2+ 32. Kxe2 e5 33. Ke3 Ke7
34. g4 h5 35. g5 Kd7 36. h4 Kc7 37. Kd3 Kb6 0-1

[Event "Tournoi Skype 021A"]
[Site "Skype"]
[Date "????.??.??"]
[Round "4.3"]
[White "Deville, Olivier"]
[Black "Gasperoni, Claudio"]
[Result "1-0"]
[WhiteElo "1991"]
[BlackElo "1818"]
[PlyCount "87"]

1. c4 c6 2. Nf3 Nf6 3. e3 d5 4. Nc3 Bg4 5. Be2 e6 6. Qc2 Nbd7 7. d4 Bd6 8. O-O
O-O 9. e4 dxe4 10. Nxe4 Nxe4 11. Qxe4 Nf6 12. Qc2 Rc8 13. Rd1 Bb8 14. Ne5 Bf5
15. Bd3 Qxd4 16. Nf3 Qg4 17. Bxf5 Qxf5 18. Qxf5 exf5 19. Bg5 Ne4 20. Be7 Rfe8
21. Rd7 Rc7 22. Rad1 Rxd7 23. Rxd7 b5 24. c5 Nf6 25. Bxf6 gxf6 26. g3 Be5 27.
Nxe5 Rxe5 28. b4 Re4 29. a3 a5 30. bxa5 Ra4 31. Rd6 Rxa5 32. Rxc6 Rxa3 33. Rb6
Rc3 34. Rxb5 Kg7 35. Kf1 f4 36. gxf4 Rc4 37. f5 Rc2 38. Kg2 Kh6 39. Kf3 Kg5 40.
Ke4 Rxf2 41. c6 Rc2 42. Kd5 Rxh2 43. c7 Rd2+ 44. Kc6 1-0

[Event "Tournoi Skype 021A"]
[Site "Skype"]
[Date "????.??.??"]
[Round "4.4"]
[White "Montenegro, Juan Carlos"]
[Black "Ibarra Cantu, Raul Alberto"]
[Result "1-0"]
[WhiteElo "1735"]
[BlackElo "1941"]
[PlyCount "147"]

1. d4 Nf6 2. c4 g6 3. Nf3 Bg7 4. Nc3 O-O 5. e4 d6 6. h3 e5 7. dxe5 dxe5 8. Bd3
Re8 9. Bg5 c6 10. O-O Qc7 11. Be3 Nbd7 12. Qd2 Nf8 13. Rfd1 Be6 14. Ne2 Rad8
15. Qb4 b6 16. a4 c5 17. Qa3 Bc8 18. Nc3 Bb7 19. a5 Bc6 20. Nd5 Bxd5 21. cxd5
N8d7 22. Qa4 Bf8 23. Nd2 Rb8 24. axb6 axb6 25. Qc6 Rbc8 26. Qxc7 Rxc7 27. Bb5
h6 28. f3 Rd8 29. Nc4 Kg7 30. Ra6 Rb8 31. Bf2 Ne8 32. d6 Rcb7 33. Bc6 b5 34.
Bxb7 bxc4 35. Bc6 Rxb2 36. Bxd7 Nxd6 37. Raxd6 Bxd6 38. Rxd6 c3 39. Rd1 c2 40.
Rc1 Rb1 41. Be3 Rb3 42. Kf2 Rd3 43. Ba4 Ra3 44. Bxc2 Ra2 45. Bxc5 f5 46. exf5
gxf5 47. Kf1 Kf6 48. Bb1 Ra8 49. Kf2 h5 50. g4 hxg4 51. hxg4 fxg4 52. fxg4 Kg5
53. Kg3 Rb8 54. Be3+ Kf6 55. Rc6+ Kg7 56. Bh6+ Kf7 57. Ba2+ Ke7 58. Re6+ Kd7
59. Rxe5 Ra8 60. Bf7 Ra3+ 61. Kh4 Ra1 62. g5 Kc7 63. Kh5 Kd7 64. Kg6 Ra6+ 65.
Kh7 Kc7 66. g6 Rc6 67. g7 Kb7 68. g8=Q Rxh6+ 69. Kxh6 Kc7 70. Qe8 Kb6 71. Rb5+
Kc7 72. Qe5+ Kc8 73. Rb8+ Kd7 74. Be8# 1-0

[Event "Tournoi Skype 021A"]
[Site "Skype"]
[Date "????.??.??"]
[Round "4.5"]
[White "Rico Hernandez, Edgar"]
[Black "Murgia, Stefano"]
[Result "0-1"]
[WhiteElo "1899"]
[BlackElo "1666"]
[PlyCount "76"]

1. d4 f5 2. c4 Nf6 3. Nc3 g6 4. Nf3 Bg7 5. Bf4 d6 6. e3 O-O 7. Bd3 Nc6 8. h3
Qe8 9. Nb5 Qd8 10. O-O Ne4 11. Nc3 e5 12. dxe5 Nxc3 13. bxc3 dxe5 14. Bg5 Qe8
15. Be2 Be6 16. Qb3 b6 17. Qa3 h6 18. Bh4 g5 19. Bg3 f4 20. Bh2 Qg6 21. Ne1
fxe3 22. f3 Rad8 23. Qa4 Na5 24. c5 Rd2 25. Qb5 Rfd8 26. cxb6 axb6 27. Bd3
R2xd3 28. Nxd3 Rxd3 29. Rfe1 Bc4 30. Qb1 e4 31. Rd1 Bxc3 32. Rxd3 exd3 33. Bxc7
Bxa1 34. Qxa1 d2 35. Qd4 Qe8 36. Bg3 b5 37. a4 Nb3 38. Qd6 e2 0-1

[Event "Tournoi Skype 021A"]
[Site "Skype"]
[Date "????.??.??"]
[Round "4.6"]
[White "Karia, Vijay"]
[Black "Hilton, Stephen"]
[Result "1-0"]
[WhiteElo "1818"]
[BlackElo "1883"]
[PlyCount "45"]

1. e4 c5 2. Nc3 Nc6 3. f4 g6 4. Nf3 Bg7 5. Bb5 Nd4 6. O-O Nxb5 7. Nxb5 d6 8. d3
Nf6 9. Qe1 Qb6 10. Nc3 O-O 11. Qh4 Bg4 12. e5 Bxf3 13. Rxf3 dxe5 14. fxe5 Nd7
15. Nd5 Qd8 16. Nxe7+ Kh8 17. Rh3 h5 18. g4 Bxe5 19. Bg5 Bd4+ 20. Kf1 f6 21.
Nxg6+ Kg7 22. Nxf8 fxg5 23. Ne6+ 1-0

[Event "Tournoi Skype 021A"]
[Site "Skype"]
[Date "????.??.??"]
[Round "4.7"]
[White "Altinok, Selim"]
[Black "Khetre, Gaurav"]
[Result "1-0"]
[WhiteElo "1818"]
[BlackElo "1617"]
[PlyCount "77"]

1. d4 Nf6 2. Nf3 e6 3. c4 b6 4. g3 Bb4+ 5. Bd2 Qe7 6. Bg2 Bb7 7. O-O O-O 8. a3
Bxd2 9. Nbxd2 d6 10. Qc2 c5 11. Rad1 Nbd7 12. e4 Rad8 13. e5 dxe5 14. dxe5 Ng4
15. Rfe1 Rfe8 16. h3 Nh6 17. Ne4 Bxe4 18. Qxe4 Nf8 19. Bf1 Rxd1 20. Rxd1 Rd8
21. Rxd8 Qxd8 22. g4 g6 23. Qf4 Kg7 24. Ng5 Qe7 25. Ne4 Nd7 26. Bg2 Nb8 27. Nd6
Na6 28. Bc6 Nc7 29. Nc8 Qd8 30. Nxa7 Qd1+ 31. Kg2 Ng8 32. Nc8 Qd4 33. Qxd4 cxd4
34. Kf3 Ne7 35. Nxe7 Na6 36. Ke4 Kf8 37. Nc8 d3 38. Kxd3 Nc5+ 39. Ke3 1-0

[Event "Tournoi Skype 021A"]
[Site "Skype"]
[Date "????.??.??"]
[Round "4.8"]
[White "Fernandez Cabello, Emilio"]
[Black "Thoune, Jim"]
[Result "1-0"]
[WhiteElo "1524"]
[BlackElo "1766"]
[PlyCount "89"]

1. e4 e6 2. d4 d5 3. e5 c5 4. c3 Nc6 5. Nf3 Qb6 6. Bd3 Bd7 7. dxc5 Bxc5 8. O-O
Nge7 9. b4 Nxb4 10. cxb4 Bxb4 11. Qe2 h6 12. Be3 Qd8 13. Rc1 a6 14. a3 Ba5 15.
Nbd2 Nc6 16. Bd4 Nxd4 17. Nxd4 O-O 18. N2b3 Bb6 19. Kh1 Qh4 20. g3 Qe7 21. f4
f6 22. Nf3 Rac8 23. Nh4 Rxc1+ 24. Nxc1 Rc8 25. exf6 Qxf6 26. Qe5 Qxe5 27. fxe5
Bd4 28. Rb1 Bxe5 29. Ng6 Bd6 30. Ne2 e5 31. Rxb7 Bg4 32. Bxa6 Bf3+ 33. Kg1 Bc5+
34. Kf1 Rc6 35. Rb8+ Kh7 36. Nxe5 Rxa6 37. Nxf3 Rxa3 38. Kg2 g5 39. Rc8 Bb6 40.
Rc1 Re3 41. Rc2 Re7 42. g4 Ba7 43. Ng3 Rd7 44. Nf5 Bb8 45. Rc6 1-0

[Event "Tournoi Skype 021A"]
[Site "Skype"]
[Date "????.??.??"]
[Round "4.11"]
[White "Trivedi, Viral"]
[Black "Mela, Pier Giorgio"]
[Result "1-0"]
[WhiteElo "1664"]
[BlackElo "1600"]
[PlyCount "29"]

1. d4 Nc6 2. Nf3 e6 3. Bf4 Nf6 4. h3 Nd5 5. Bh2 Be7 6. Nbd2 O-O 7. e3 Nf6 8.
Bd3 d5 9. a3 a6 10. c4 dxc4 11. Nxc4 b5 12. Nce5 Bb7 13. Rc1 Qd6 14. Nxc6 Bxc6
15. Bxd6 1-0

[Event "Tournoi Skype 021A"]
[Site "Skype"]
[Date "????.??.??"]
[Round "4.12"]
[White "Yeter, Orhan"]
[Black "Diaz, Jose Garcia"]
[Result "0-1"]
[WhiteElo "1648"]
[BlackElo "1515"]
[PlyCount "58"]

1. e4 c5 2. Nf3 d6 3. d4 cxd4 4. Nxd4 Nc6 5. Nc3 e5 6. Nb3 a6 7. Bc4 Nf6 8. O-O
Be7 9. Re1 O-O 10. Bg5 b5 11. Be2 h6 12. Bxf6 Bxf6 13. Nd5 Be6 14. Nxf6+ Qxf6
15. Qxd6 Rac8 16. Nc5 Rfd8 17. Nd7 Rxd7 18. Qa3 Nd4 19. Qxa6 Rdc7 20. Bd3 Nxc2
21. Bxc2 Rxc2 22. Qb6 R8c6 23. Qb8+ Kh7 24. f3 Qf4 25. Qxb5 Qd2 26. Qf1 Bc4 27.
Red1 Qe3+ 28. Kh1 Bxf1 29. Rxf1 Rc1 0-1

[Event "Tournoi Skype 021A"]
[Site "Skype"]
[Date "????.??.??"]
[Round "4.13"]
[White "Alvarez, Rafael Andres"]
[Black "Le Brun, Yves"]
[Result "0-1"]
[WhiteElo "1621"]
[BlackElo "1445"]
[PlyCount "92"]

1. d4 Nf6 2. Bf4 c5 3. c3 d5 4. e3 e6 5. Nf3 Be7 6. Nbd2 O-O 7. Bd3 Nc6 8. Ne5
Bd6 9. Qf3 Ne7 10. g4 Ng6 11. Bg3 Nd7 12. Nxd7 Qxd7 13. h4 Bxg3 14. Qxg3 b5 15.
h5 Ne7 16. Nf3 c4 17. Bc2 Nc6 18. Bxh7+ Kxh7 19. h6 g6 20. Ng5+ Kh8 21. Nf3 f6
22. Qh3 e5 23. O-O-O Qxg4 24. Qg3 Qxg3 25. fxg3 Bg4 26. Rdf1 e4 27. Nh4 Ne7 28.
Rf2 g5 29. Ng2 Nf5 30. h7 Rf7 31. Kd2 Raf8 32. b3 Rxh7 33. Rxh7+ Kxh7 34. Ne1
Kg6 35. bxc4 bxc4 36. a4 a5 37. Nc2 Rh8 38. Na3 Rh3 39. Rg2 Nxg3 40. Ke1 Bf3
41. Rg1 Nf5 42. Nc2 Rh2 43. Na3 Nxe3 44. Rxg5+ Kxg5 45. Nxc4 dxc4 46. d5 Re2#
0-1

[Event "Tournoi Skype 021A"]
[Site "Skype"]
[Date "????.??.??"]
[Round "4.14"]
[White "Perez Fermin, Jose"]
[Black "Sahrane, Juba"]
[Result "0-1"]
[WhiteElo "1595"]
[BlackElo "1621"]
[PlyCount "36"]

1. e4 e5 2. Bc4 Bc5 3. Nf3 Nf6 4. O-O O-O 5. Nc3 Nxe4 6. Bxf7+ Rxf7 7. Nxe4 Bb6
8. Neg5 Rf8 9. d3 h6 10. Nxe5 hxg5 11. Qh5 Qf6 12. Ng6 Nc6 13. Bxg5 Qf5 14.
Qh8+ Kf7 15. Qxf8+ Kxg6 16. Qxf5+ Kxf5 17. Be3 Nd4 18. Rac1 Ne2+ 0-1

[Event "Tournoi Skype 021A"]
[Site "Skype"]
[Date "????.??.??"]
[Round "4.15"]
[White "L'Herbon De Lussats, Jean"]
[Black "Yardimci, Ertan"]
[Result "0-1"]
[WhiteElo "1618"]
[BlackElo "1445"]
[PlyCount "140"]

1. e4 e5 2. Bc4 Nf6 3. d3 Bc5 4. Bg5 Nc6 5. Nf3 d6 6. O-O h6 7. Bxf6 Qxf6 8.
Nc3 Be6 9. Bd5 Bd7 10. Nb5 Bb6 11. a4 O-O-O 12. c3 a6 13. Na3 Ne7 14. Ba2 g5
15. b4 c6 16. d4 exd4 17. cxd4 Bg4 18. Qd3 Bxf3 19. gxf3 Qxd4 20. Qxd4 Bxd4 21.
Rab1 f5 22. Rfc1 Kb8 23. b5 axb5 24. axb5 fxe4 25. fxe4 c5 26. b6 Rhf8 27. Rc2
Rf4 28. Nb5 Be5 29. Re2 Rg4+ 30. Kf1 Bxh2 31. f3 Rg1+ 32. Kf2 Rxb1 33. Bxb1 Rf8
34. Ke3 Bf4+ 35. Kf2 Nc8 36. Nc7 Nxb6 37. Ne6 Rf6 38. Nxf4 Rxf4 39. Kg3 Nd7 40.
Rh2 Rf6 41. Bd3 Ne5 42. Be2 Kc7 43. Rf2 Rf4 44. Rh2 Rf6 45. Rf2 Ng6 46. Kg4 Nf4
47. Bd1 b5 48. Rc2 Kb6 49. Rd2 Ng6 50. Rh2 Ne5+ 51. Kg3 c4 52. Rd2 Nd3 53. Bc2
Nf4 54. Bd1 Kc5 55. Bc2 h5 56. Rh2 Kd4 57. Bd1 Ke3 58. Rb2 g4 59. Rxb5 Ne2+ 60.
Bxe2 Kxe2 61. Rb2+ Ke3 62. fxg4 hxg4 63. Kxg4 Kxe4 64. Re2+ Kd3 65. Ra2 d5 66.
Ra5 d4 67. Rf5 Rxf5 68. Kxf5 c3 69. Ke5 c2 70. Kd5 c1=Q 0-1

[Event "Tournoi Skype 021A"]
[Site "Skype"]
[Date "????.??.??"]
[Round "4.16"]
[White "Mordaa, Ahmad"]
[Black "Luna Perez Vico, Lorenzo"]
[Result "1-0"]
[WhiteElo "1412"]
[BlackElo "1554"]
[PlyCount "79"]

1. e4 c5 2. Nf3 Nc6 3. g3 Nf6 4. d3 d6 5. Bg2 Bg4 6. c3 e5 7. Bg5 Be7 8. Qb3
Qd7 9. Nbd2 Be6 10. Qc2 h6 11. Bxf6 Bxf6 12. Nf1 g6 13. Ne3 Ne7 14. O-O Bh3 15.
Bxh3 Qxh3 16. Qa4+ Qd7 17. Qd1 h5 18. Nd2 g5 19. Qf3 Bg7 20. Nf5 Nxf5 21. Qxf5
Qxf5 22. exf5 Bf6 23. Ne4 Ke7 24. f4 gxf4 25. gxf4 Rhg8+ 26. Kf2 Bh4+ 27. Kf3
Kd7 28. Rg1 Raf8 29. fxe5 dxe5 30. Nxc5+ Kc6 31. Ne4 f6 32. d4 exd4 33. cxd4
Kd5 34. Ke3 Rc8 35. Nc3+ Kc4 36. Ne4 Kd5 37. Rxg8 Rxg8 38. Rc1 Bg5+ 39. Nxg5
fxg5 40. Rc5+ 1-0

[Event "Tournoi Skype 021A"]
[Site "Skype"]
[Date "????.??.??"]
[Round "4.17"]
[White "Legueltel, Daniel"]
[Black "Mitrani, Alberto"]
[Result "0-1"]
[WhiteElo "1726"]
[BlackElo "1505"]
[PlyCount "66"]

1. d4 f5 2. Nf3 Nf6 3. g3 g6 4. Bg2 Bg7 5. c4 d6 6. Nc3 O-O 7. O-O Nbd7 8. d5
Nc5 9. Nd4 a6 10. b3 Rb8 11. Bb2 e5 12. dxe6 Nxe6 13. Nxe6 Bxe6 14. Qc2 c6 15.
Rad1 Qe7 16. Ba3 Rfd8 17. Qd3 Ne8 18. Rfe1 Qc7 19. Bc1 b5 20. Bf4 Qa5 21. Rc1
Rbc8 22. Bd2 b4 23. Na4 d5 24. cxd5 Bxd5 25. Bg5 Bxg2 26. Bxd8 Rxd8 27. Qc4+
Bd5 28. Qc5 Qxc5 29. Nxc5 Nc7 30. f3 Re8 31. Nd3 Bc3 32. Red1 Rxe2 33. Nf4 Rxa2
0-1

[Event "Tournoi Skype 021A"]
[Site "Skype"]
[Date "????.??.??"]
[Round "4.18"]
[White "Saponara, Jose Maria"]
[Black "Khunte, Aniruddha"]
[Result "1-0"]
[WhiteElo "1722"]
[BlackElo "1494"]
[PlyCount "37"]

1. e4 e5 2. Nf3 Nc6 3. d4 exd4 4. Nxd4 Nf6 5. Nxc6 bxc6 6. Bg5 Be7 7. e5 Ne4 8.
Bxe7 Qxe7 9. Qd4 Ng5 10. Nd2 d6 11. Nc4 dxe5 12. Qxe5 Qxe5+ 13. Nxe5 Bb7 14.
Bc4 O-O 15. O-O-O Rfe8 16. f4 c5 17. Rd7 Rf8 18. fxg5 Kh8 19. Nxf7+ 1-0

[Event "Tournoi Skype 021A"]
[Site "Skype"]
[Date "????.??.??"]
[Round "4.19"]
[White "Martinez, Jose Abel"]
[Black "Fouquereau, Andre"]
[Result "1-0"]
[WhiteElo "1690"]
[BlackElo "1492"]
[PlyCount "32"]

1. d4 d5 2. Nf3 Nf6 3. c3 Bg4 4. Ne5 Bf5 5. Bf4 e6 6. e3 Bd6 7. Bd3 O-O 8. O-O
Nbd7 9. Bxf5 exf5 10. Nd2 c5 11. Ndf3 Nh5 12. Nxf7 Rxf7 13. Bxd6 Qb6 14. dxc5
Nxc5 15. Ne5 Rf6 16. Bxc5 Rh6 1-0

[Event "Tournoi Skype 021A"]
[Site "Skype"]
[Date "????.??.??"]
[Round "4.20"]
[White "Alvarez, Juan Evangelista"]
[Black "Sauvaget, Joel"]
[Result "1/2-1/2"]
[WhiteElo "1588"]
[BlackElo "1662"]
[PlyCount "64"]

1. Nf3 d5 2. d4 Nf6 3. Qd3 e6 4. Nc3 a6 5. Bg5 Be7 6. O-O-O Nc6 7. a3 b5 8. Ne5
Bd7 9. Bxf6 Bxf6 10. Nxc6 Bxc6 11. f4 Bd7 12. e4 dxe4 13. Nxe4 Be7 14. g4 Bc6
15. Bg2 Bd5 16. Rhg1 b4 17. axb4 Bxb4 18. c4 Bxe4 19. Bxe4 Rb8 20. Bc6+ Kf8 21.
c5 a5 22. g5 Qe7 23. Rg2 g6 24. Re2 f5 25. gxf6 Qxf6 26. Rf1 Kg7 27. Qc4 Rhd8
28. Rxe6 Qxd4 29. Re7+ Kh8 30. Qxd4+ Rxd4 31. Rxc7 Bd2+ 32. Kc2 Bb4 1/2-1/2

[Event "Tournoi Skype 021A"]
[Site "Skype"]
[Date "????.??.??"]
[Round "4.21"]
[White "Bendre, Pankaj"]
[Black "Sepulveda, Lyda Marcela"]
[Result "0-1"]
[WhiteElo "1558"]
[BlackElo "1628"]
[PlyCount "48"]

1. e4 e5 2. Nf3 Nc6 3. Bc4 Bc5 4. c3 Nf6 5. d4 exd4 6. cxd4 Bb4+ 7. Bd2 Bxd2+
8. Nbxd2 d5 9. exd5 Nxd5 10. O-O O-O 11. Qc2 Nce7 12. Ng5 Bf5 13. Bd3 Nb4 14.
Qb3 Nxd3 15. Ngf3 Nf4 16. Nh4 Ne2+ 17. Kh1 Nxd4 18. Qc3 Re8 19. Rfd1 Nec6 20.
Nxf5 Nxf5 21. Nf3 Nd6 22. Nd4 Nxd4 23. Rxd4 Qf6 24. Rad1 Nb5 0-1